000 00629nam a2200241Ia 4500
003 OSt
005 20220916111109.0
006 a|||||r|||| 00| 0
007 ta
008 220915b |||||||| |||| 00| 0 eng d
024 _a250256
037 _cTextbook
040 _beng
_aARTS
_cARTS
041 _aeng
082 _aO111,1H40x, J71;L4
100 _aRobinson F.N.
245 0 _aWorks of geofrey chaucer
250 _aSecond
260 _aLondond
_bOxford University Press
650 _aENGLISH LITERATURE
942 _hO111,1H40x, J71;L4
_cTB
_2CC
999 _c105450
_d105450